| 000 | 01054 a2200289 4500 | ||
|---|---|---|---|
| 003 | OSt | ||
| 005 | 20180116192401.0 | ||
| 008 | 120702t xxu||||| |||| 00| 0 eng d | ||
| 010 | _a 2006283954 | ||
| 020 | _a0714845876 | ||
| 020 | _a9780714845876 | ||
| 040 | _c0 | ||
| 082 | _a709.2 | ||
| 100 | 1 |
_aMatta-Clark, Gordon, _95047 |
|
| 245 | 1 | 0 |
_aGordon Matta-Clark / _cedited by Corinne Diserens ; survey by Thomas Crow ; essays by Judith Russi Kirshner and Christian Kravagna. |
| 260 |
_aLondon ; _aNew York, NY : _bPhaidon Press, _c2006. |
||
| 300 |
_a240 p. : _bill. (some col.) ; _c25 cm. |
||
| 500 | _aReprint. Originally published: London : Phaidon, 2003. | ||
| 600 | 1 | 0 |
_aMatta-Clark, Gordon, _d1943-1978. _95048 |
| 650 | 1 | 0 |
_aConceptual art _zUnited States _95049 |
| 700 | 1 |
_aDiserens, Corinne. _95050 |
|
| 700 | 1 |
_aCrow, Thomas E., _d1948- _95051 |
|
| 700 | 1 |
_aKirshner, Judith Russi. _95052 |
|
| 700 | 1 |
_aKravagna, Christian. _95053 |
|
| 942 |
_aSADA _cBK _k709.2 MAT 2006 _2ddc |
||
| 999 |
_c353317 _d353317 |
||